Accounting for colleges and universities /

Uloženo v:
Podrobná bibliografie
Hlavní autor: Scheps, Clarence
Další autoři: Davidson, E. E. (joint author.)
Médium: Kniha
Jazyk:English
Vydáno: Baton Rouge : Louisiana State University Press, 1978.
Vydání:3d ed.
Témata:
LEADER 01022nam a2200265 i 4500
001 c000330011
003 CARM
005 00000000000000.0
008 771229s1978 laua b 00110 eng
019 1 |a 1083638  |5 LACONCORD2021 
020 |a 0807103888 :  |c $22.50 
035 |a (OCoLC)3609349  |5 LACONCORD2021 
050 0 0 |a LB2342  |b .S35 1978 
100 1 |a Scheps, Clarence. 
245 1 0 |a Accounting for colleges and universities /  |c Clarence Scheps and E. E. Davidson. 
250 |a 3d ed. 
260 |a Baton Rouge :  |b Louisiana State University Press,  |c 1978. 
300 |a xv, 384 p. :  |b ill. ;  |c 24 cm. 
504 |a Includes bibliographical references and index. 
650 0 |a Universities and colleges  |x Accounting. 
700 1 |a Davidson, E. E.,  |e joint author. 
852 8 |b CARM  |h A1:AM14F0  |i B09424  |p 0429584  |f BK 
082 0 4 |a 657/.832 
999 f f |i ec22ce91-3270-5d88-b7d7-55aa22dee639  |s dbcc8180-0382-5638-84ab-093a6647baae 
952 f f |p Can circulate  |a CAVAL  |b CAVAL  |c CAVAL  |d CARM 1 Store  |e B09424  |f A1:AM14F0  |h Other scheme  |i book  |m 0429584